Rhinoceros, and other plays. (Record no. 8435)
[ view plain ]
| 000 -LEADER | |
|---|---|
| fixed length control field | 00354nam a22001217a 4500 |
| 008 - FIXED-LENGTH DATA ELEMENTS--GENERAL INFORMATION | |
| fixed length control field | 200218b ||||| |||| 00| 0 eng d |
| 082 ## - DEWEY DECIMAL CLASSIFICATION NUMBER | |
| Classification number | 842.9 ION |
| 100 ## - MAIN ENTRY--PERSONAL NAME | |
| Personal name | Ionesco, Eugène. |
| 245 ## - TITLE STATEMENT | |
| Title | Rhinoceros, and other plays. |
| Remainder of title | Translated by Derek Prouse. |
| 300 ## - PHYSICAL DESCRIPTION | |
| Extent | 107 p. |
| Dimensions | 30 cm. |
| 650 ## - SUBJECT ADDED ENTRY--TOPICAL TERM | |
| Topical term or geographic name entry element | Ionesco, Eugène--Translations into English. |
| 942 ## - Added entry Elements (Koha) | |
| Source of classification or shelving scheme | Dewey Decimal Classification |
| Withdrawn status | Lost status | Source of classification or shelving scheme | Damaged status | Not for loan | Collection code | Home library | Current library | Shelving location | Date acquired | Serial Enumeration / chronology | Total Checkouts | Full call number | Barcode | Date last seen | Price effective from | Koha item type | Date last checked out |
|---|---|---|---|---|---|---|---|---|---|---|---|---|---|---|---|---|---|
| Dewey Decimal Classification | Fac res | RTC Library | RTC Library | Faculty reserve | 18/02/2020 | 14471 | 842.9 ION | 30014012 | 28/02/2022 | 18/02/2020 | Faculty Reserve | ||||||
| Dewey Decimal Classification | Fac res | RTC Library | RTC Library | Faculty reserve | 18/02/2020 | 14473 | 1 | 842.9 ION | 30014037 | 28/02/2022 | 18/02/2020 | Faculty Reserve | 12/05/2021 | ||||
| Dewey Decimal Classification | Fac res | RTC Library | RTC Library | Faculty reserve | 18/02/2020 | 14472 | 842.9 ION | 30014015 | 28/02/2022 | 18/02/2020 | Faculty Reserve | ||||||
| Dewey Decimal Classification | Fac res | RTC Library | RTC Library | Faculty reserve | 18/02/2020 | 14470 | 842.9 ION | 30014043 | 28/02/2022 | 18/02/2020 | Faculty Reserve |